000
00306nam a22001337a 4500
008
170505b xxu||||| |||| 00| 0 eng d
020
_a
9780137025848
041
_a
eng
080
_2
4 ED
_a
343.9
100
_a
14
101
_a
SHJ
245
_a
CANADIAN CRIMINOLOGY TODAY
_c
VOLK/R
942
_2
udc
_c
BK
999
_c
12825
_d
12825